Jak se žije v rekonstituovaných rodinách a co potřebují?

Pojem rekonstituovaná rodina. Zloženie rekonstituovanej rodiny. Stabilita súčasného partnerstva. Riziká vo vzťahoch.

Gespeichert in:
Bibliographische Detailangaben
1. Verfasser: Barvíková, Jana
Weitere Verfasser: Paloncyová, Jana
Format: Buchkapitel
Sprache:Tschechisch
Schlagworte:
Tags: Tag hinzufügen
Keine Tags, Fügen Sie das erste Tag hinzu!

MARC

LEADER 00000naa a2200000 4500
001 0259539
005 20221104111523.6
041 0 |a cze 
044 |a CZ 
245 1 0 |a Jak se žije v rekonstituovaných rodinách a co potřebují?  |c Jana Barvíková, Jana Paloncyová 
520 |a Pojem rekonstituovaná rodina. Zloženie rekonstituovanej rodiny. Stabilita súčasného partnerstva. Riziká vo vzťahoch. 
610 2 0 |a rodina 
610 2 0 |a deti 
610 2 0 |a psychológia 
610 2 0 |a politika rodinná 
610 2 0 |a štatistika demografická 
610 2 0 |a politika sociálna 
100 1 |a Barvíková, Jana 
700 1 |a Paloncyová, Jana